আপেক্ষিকতার তত্ত্ব আসলে কী ? / (Record no. 39771)
[ view plain ]
| 000 -LEADER | |
|---|---|
| fixed length control field | 00862nam a2200217 a 4500 |
| 001 - CONTROL NUMBER | |
| control field | 39771 |
| 003 - CONTROL NUMBER IDENTIFIER | |
| rucl marc code | BD-RjUL |
| 005 - DATE AND TIME OF LATEST TRANSACTION | |
| control field | 20211209053044.0 |
| 008 - FIXED-LENGTH DATA ELEMENTS--GENERAL INFORMATION | |
| fixed length control field | 160418r20142011bg a||| |||| 00| 0 ben d |
| 035 ## - SYSTEM CONTROL NUMBER | |
| System control number | (BD-RjUL)39884 |
| 040 ## - CATALOGING SOURCE | |
| Original cataloging agency | BD-RjUL |
| Language of cataloging | ben |
| Transcribing agency | BD-RjUL |
| 041 ## - LANGUAGE CODE | |
| Language code of text/sound track or separate title | ben |
| 082 ## - DEWEY DECIMAL CLASSIFICATION NUMBER | |
| Edition number | 23 |
| Classification number | 530.11 |
| Author mark and year | JAA 2014 |
| 100 ## - MAIN ENTRY--PERSONAL NAME | |
| Personal name | জাহান, আসিফ নুসরাত |
| 9 (RLIN) | 122531 |
| 245 10 - TITLE STATEMENT | |
| Title | আপেক্ষিকতার তত্ত্ব আসলে কী ? / |
| Statement of responsibility, etc. | আসিফ নুসরাত জাহান |
| 260 ## - PUBLICATION, DISTRIBUTION, ETC. (IMPRINT) | |
| Place of publication, distribution, etc. | ঢাকা : |
| Name of publisher, distributor, etc. | সাহিত্য প্রকাশ, |
| Date of publication, distribution, etc. | ২০১১ [ মুদ্রণ ২০১৪ ]। |
| 300 ## - PHYSICAL DESCRIPTION | |
| Pagination | ৬৭ পৃ. : |
| Illustrations | চিত্র ; |
| Size | ২২ সেমি. |
| 650 ## - SUBJECT ADDED ENTRY--TOPICAL TERM | |
| Topical term or geographic name as entry element | আপেক্ষিকতা (পদার্থ) |
| 9 (RLIN) | 122532 |
| Topical term or geographic name as entry element | Relativity (Physics) |
| 9 (RLIN) | 116965 |
| 942 ## - ADDED ENTRY ELEMENTS (KOHA) | |
| Source of classification or shelving scheme | Dewey Decimal Classification |
| Koha item type | Books |
| Lost status | Source of classification or shelving scheme | Damaged status | Not for loan | Collection code | Permanent Location | Current Location | Shelving location | Date acquired | Source of acquisition | Cost, normal purchase price | Total Checkouts | Full call number | Date last seen | Copy number | Koha item type |
|---|---|---|---|---|---|---|---|---|---|---|---|---|---|---|---|
| Dewey Decimal Classification | Not For Loan | Non-fiction | Central Library, University of Rajshahi | Central Library, University of Rajshahi | Reading Room | 03/08/2014 | Batighar, Chittagong | 93.75 | B 530.11 JAA 2014 | 18/04/2016 | C-1 | Books |